Historie úrazového pojištění a jeho nositelé u nás a ve vyspělých státech Evropy. 2.

Nositelia povinného úrazového poistenia v krajinách západnej Európy. Sociálne zabezpečenie a úrazové poistenie.

Salvato in:
Dettagli Bibliografici
Autore principale: Turč, J.
Natura: Capitolo di libro
Lingua:ceco
Soggetti:
Tags: Aggiungi Tag
Nessun Tag, puoi essere il primo ad aggiungerne!!

MARC

LEADER 00000naa a2200000 4500
001 r012085
005 20220826093849.1
041 0 |a cze 
044 |a CZ 
245 1 0 |a Historie úrazového pojištění a jeho nositelé u nás a ve vyspělých státech Evropy. 2.  |c J. Turč 
520 |a Nositelia povinného úrazového poistenia v krajinách západnej Európy. Sociálne zabezpečenie a úrazové poistenie. 
610 2 0 |a poistenie úrazové 
610 2 0 |a západná Európa 
610 2 0 |a zabezpečenie sociálne 
610 2 0 |a história 
100 1 |a Turč, J.